Ключевые компетенции преподавателя в рамках организации процесса обучения иностранных студентов в российском вузе; Уровневая подготовка специалистов: государственные и международные стандарты инженерного образования

Bibliographic Details
Parent link:Уровневая подготовка специалистов: государственные и международные стандарты инженерного образования.— 2012.— [С. 291-293]
Main Author: Рахимов Т. Р. Тимур Рустамович
Summary:Заглавие с экрана
Language:Russian
Published: 2012
Series:Разработка и реализация международных образовательных программ в исследовательском университете: опыт, достижения, проблемы
Subjects:
Online Access:http://www.lib.tpu.ru/fulltext/c/2012/C09/135.pdf
Format: Electronic Book Chapter
KOHA link:https://koha.lib.tpu.ru/cgi-bin/koha/opac-detail.pl?biblionumber=231273

MARC

LEADER 00000nla2a2200000 4500
001 231273
005 20231220093928.0
035 |a (RuTPU)RU\TPU\book\252292 
035 |a RU\TPU\book\252287 
090 |a 231273 
100 |a 20130131d2012 k y0rusy50 ca 
101 0 |a rus 
102 |a RU 
105 |a y z 101zy 
181 0 |a i  
182 0 |a b 
200 1 |a Ключевые компетенции преподавателя в рамках организации процесса обучения иностранных студентов в российском вузе  |f Т. Р. Рахимов 
203 |a Текст  |c электронный 
225 1 |a Разработка и реализация международных образовательных программ в исследовательском университете: опыт, достижения, проблемы 
300 |a Заглавие с экрана 
320 |a [Библиогр.: с. 293 (5 назв.)] 
337 |a Adobe Reader 
463 1 |0 (RuTPU)RU\TPU\book\240708  |t Уровневая подготовка специалистов: государственные и международные стандарты инженерного образования  |o сборник трудов научно-методической конференции, 3-6 апреля 2012 г.  |f Национальный исследовательский Томский политехнический университет (ТПУ)  |v [С. 291-293]  |d 2012 
610 1 |a труды учёных ТПУ 
610 1 |a электронный ресурс 
610 1 |a компетенции 
610 1 |a иностранные студенты 
610 1 |a обучение 
610 1 |a английский язык 
700 1 |a Рахимов  |b Т. Р.  |c экономист  |c доцент Томского политехнического университета, кандидат экономических наук  |f 1977-  |g Тимур Рустамович  |3 (RuTPU)RU\TPU\pers\27970  |9 12960 
801 2 |a RU  |b 63413507  |c 20130201  |g RCR 
856 4 |u http://www.lib.tpu.ru/fulltext/c/2012/C09/135.pdf 
942 |c CF